[Event "SR 2. liga A 2014/2015"]
[Site "?"]
[Date "2015.02.15"]
[Round "9.6"]
[White "Szitasi, Janos"]
[Black "Soldan, Jan"]
[Result "1-0"]
[WhiteElo "1943"]
[BlackElo "1763"]
[PlyCount "95"]
[EventDate "2014.??.??"]

1. e4 c5 2. Nf3 d6 3. d4 cxd4 4. Nxd4 Nf6 5. Nc3 a6 6. Bc4 e6 7. Bb3 Be7 8. Be3
b5 9. a3 O-O 10. f3 Qc7 11. Qd2 Bd7 12. g4 Nc6 13. h4 Nxd4 14. Bxd4 e5 15. Be3
Be6 16. g5 Nh5 17. Nd5 Bxd5 18. Qxd5 g6 19. O-O-O Rab8 20. Kb1 a5 21. Bd2 Qb6
22. Qd3 Rfc8 23. Be3 Qc7 24. Qd5 Rf8 25. Ba2 Rbc8 26. Rh2 Qb8 27. Qd2 Qc7 28.
Qf2 a4 29. c3 Kg7 30. Rd5 b4 31. cxb4 f5 32. Qc2 Qd7 33. Qd1 fxe4 34. Rxe5 Rxf3
35. Rxe4 Qf5 36. Qd4+ Bf6 37. gxf6+ Nxf6 38. Bd5 Rxe3 39. Qxe3 Nxe4 40. Qxe4
Qf1+ 41. Ka2 Rc1 42. Qd4+ Kh6 43. b3 Re1 44. Rd2 axb3+ 45. Bxb3 Rb1 46. Rd1
Rxd1 47. Bxd1 Qg2+ 48. Kb3 1-0

[Event "SR 2. liga A 2014/2015"]
[Site "?"]
[Date "2015.03.07"]
[Round "10.1"]
[White "Lanc, Alois"]
[Black "Cibulka, Vladimir"]
[Result "1-0"]
[WhiteElo "2344"]
[BlackElo "2207"]
[PlyCount "73"]
[EventDate "2014.??.??"]

1. e4 Nf6 2. e5 Nd5 3. d4 d6 4. c4 Nb6 5. exd6 exd6 6. Nc3 Nc6 7. Be3 Bf5 8. h3
Be7 9. Nf3 O-O 10. b3 Qd7 11. Be2 Rae8 12. Qd2 Bg6 13. O-O f5 14. d5 Nd8 15. a4
Bf6 16. Bd4 Bh5 17. Bxf6 Rxf6 18. Nd4 Bxe2 19. Ncxe2 c5 20. dxc6 Nxc6 21. Nc3
f4 22. Nf3 Ne5 23. Nxe5 Rxe5 24. Rfe1 Qe6 25. Rxe5 dxe5 26. Ne4 Rf8 27. Rd1 Qg6
28. f3 Qc6 29. c5 Nc8 30. Qd7 h6 31. b4 Rf7 32. Qd8+ Rf8 33. b5 Qe8 34. Qd5+
Kh7 35. Qxb7 Ne7 36. Nd6 Qd8 37. Qe4+ 1-0

[Event "SR 2. liga A 2014/2015"]
[Site "?"]
[Date "2015.03.07"]
[Round "10.1"]
[White "Takacs, Laszlo"]
[Black "Sekera, Branislav"]
[Result "1-0"]
[WhiteElo "2110"]
[BlackElo "2207"]
[PlyCount "81"]
[EventDate "2014.??.??"]

1. e4 d6 2. d4 g6 3. f4 Bg7 4. Nf3 Nf6 5. Bd3 Na6 6. c3 O-O 7. O-O c5 8. e5 Nd7
9. exd6 exd6 10. f5 Qb6 11. Na3 cxd4 12. Nc4 Qc5 13. cxd4 Qc7 14. Bf4 Qc6 15.
Nxd6 Nb4 16. Be4 Qb6 17. fxg6 hxg6 18. a3 Nc6 19. Bxc6 Qxc6 20. Rc1 Qb6 21. Kh1
Qxb2 22. Ng5 Nb6 23. Qe1 Nd5 24. Qh4 Nf6 25. Be5 Nh5 26. Bxg7 Kxg7 27. Ngxf7
Be6 28. Qe7 Bxf7 29. Rxf7+ Rxf7 30. Qxf7+ Kh6 31. Rf1 Qxd4 32. Qe6 Rf8 33. Nf7+
Kh7 34. Qe7 Rb8 35. Ng5+ Kh6 36. g4 Qd5+ 37. Ne4 Ng7 38. Qh4+ Nh5 39. gxh5 gxh5
40. Qf4+ Kh7 41. Qf3 1-0

[Event "SR 2. liga A 2014/2015"]
[Site "?"]
[Date "2015.03.07"]
[Round "10.1"]
[White "Kavon, Rastislav"]
[Black "Veselsky, Jozef"]
[Result "1-0"]
[WhiteElo "2153"]
[BlackElo "2133"]
[PlyCount "73"]
[EventDate "2014.??.??"]

1. e4 c5 2. Nf3 Nc6 3. d4 cxd4 4. Nxd4 g6 5. Nc3 Bg7 6. Be3 Nf6 7. Bc4 O-O 8.
Bb3 d6 9. f3 Bd7 10. Qd2 Nxd4 11. Bxd4 Bc6 12. O-O-O b5 13. g4 a5 14. h4 a4 15.
Bd5 Bxd5 16. Nxd5 Nxd5 17. exd5 Rc8 18. Bxg7 Kxg7 19. h5 Rg8 20. hxg6 fxg6 21.
Qd4+ Kf8 22. Rxh7 Rc4 23. Qd2 Ke8 24. Re1 Rc7 25. Re6 Qc8 26. Qe2 Qb7 27. Rxd6
Rf8 28. Qe6 Rd7 29. Qxg6+ Kd8 30. Rxd7+ Qxd7 31. Qb6+ Kc8 32. Qc5+ Kd8 33. Qb6+
Kc8 34. Rh6 Qb7 35. Rc6+ Kb8 36. Qa5 Rf6 37. Qd8+ 1-0

[Event "SR 2. liga A 2014/2015"]
[Site "?"]
[Date "2015.03.07"]
[Round "10.1"]
[White "Kalmar, Tamas"]
[Black "Jakubec, Milan"]
[Result "0-1"]
[WhiteElo "1966"]
[BlackElo "2102"]
[PlyCount "76"]
[EventDate "2014.??.??"]

1. d4 d5 2. c4 e6 3. Nc3 Nf6 4. Bg5 Nbd7 5. e3 c6 6. Nf3 Qa5 7. Nd2 Ne4 8.
Ndxe4 dxe4 9. Bf4 e5 10. dxe5 Nxe5 11. Qd4 Ng6 12. Qxe4+ Be6 13. a3 O-O-O 14.
Qc2 Nxf4 15. exf4 Bf5 16. Qc1 Re8+ 17. Be2 Bd6 18. O-O h5 19. b4 Qc7 20. g3 Be7
21. Bf3 Bf6 22. Re1 Qd7 23. Rd1 Qe6 24. Ne2 Bxa1 25. Qxa1 Bg4 26. Nd4 Qf6 27.
Qb1 Rd8 28. Bxg4+ hxg4 29. Nb3 Kb8 30. Rxd8+ Qxd8 31. Nc5 Re8 32. b5 cxb5 33.
cxb5 Qd5 34. Nd3 f6 35. Nb4 Qxb5 36. Qd1 Qe2 37. Qd6+ Ka8 38. Nd5 Qd1+ 0-1

[Event "SR 2. liga A 2014/2015"]
[Site "?"]
[Date "2015.03.07"]
[Round "10.1"]
[White "Mackovic, Matus"]
[Black "Darazs, Zoltan"]
[Result "1-0"]
[WhiteElo "1949"]
[BlackElo "2128"]
[PlyCount "75"]
[EventDate "2014.??.??"]

1. e4 e5 2. Nf3 Nc6 3. Bb5 a6 4. Ba4 Nf6 5. O-O Be7 6. Re1 b5 7. Bb3 O-O 8. h3
Bb7 9. c3 d5 10. d3 dxe4 11. dxe4 Qxd1 12. Bxd1 Rfd8 13. Bc2 Rd7 14. Nbd2 Rad8
15. Nf1 g6 16. Be3 Kg7 17. Ng3 Bd6 18. Rad1 Na5 19. b3 c5 20. Rxd6 Rxd6 21.
Bxc5 Rd2 22. Nxd2 Rxd2 23. Bb1 h5 24. Nf1 Rd7 25. f3 g5 26. g4 Nc6 27. Be3 Kg6
28. Bc2 b4 29. c4 Nd4 30. Bxd4 exd4 31. Rd1 Ne8 32. Ng3 hxg4 33. e5+ Kg7 34.
fxg4 a5 35. Rxd4 Rc7 36. Nf5+ Kf8 37. Rd8 Rc5 38. Nd6 1-0

[Event "SR 2. liga A 2014/2015"]
[Site "?"]
[Date "2015.03.07"]
[Round "10.1"]
[White "Vegh, Vince"]
[Black "Kozinka, Roman"]
[Result "0-1"]
[WhiteElo "1919"]
[BlackElo "2001"]
[PlyCount "80"]
[EventDate "2014.??.??"]

1. e4 c5 2. Nf3 d6 3. d4 cxd4 4. Nxd4 Nf6 5. Nc3 a6 6. a4 e5 7. Nb3 Be6 8. Bg5
Be7 9. Bxf6 Bxf6 10. Nd5 Bg5 11. Bc4 Nc6 12. O-O Rc8 13. Qe2 O-O 14. a5 Ne7 15.
Rfd1 Ng6 16. g3 Kh8 17. Nb6 Rc7 18. Bd5 Bh3 19. c4 f5 20. exf5 Bxf5 21. Nd2
Bxd2 22. Rxd2 Qg5 23. Bg2 Rcf7 24. b4 e4 25. Qe3 Qf6 26. Re1 Ne5 27. Qd4 Nd3
28. Qxf6 Rxf6 29. Rxe4 Bxe4 30. Bxe4 Nxf2 31. Bxb7 Ng4 32. b5 Rf1+ 33. Kg2 Ne3+
34. Kh3 g5 35. Rd3 g4+ 36. Kh4 Rg8 37. Bc8 Rf2 38. h3 Rf6 39. Bxg4 Rh6+ 40. Bh5
Nf5# 0-1

[Event "SR 2. liga A 2014/2015"]
[Site "?"]
[Date "2015.03.07"]
[Round "10.1"]
[White "Zarecky, Eduard"]
[Black "Szitasi, Janos"]
[Result "1/2-1/2"]
[WhiteElo "1913"]
[BlackElo "1943"]
[PlyCount "73"]
[EventDate "2014.??.??"]

1. d4 d5 2. c4 c6 3. Nc3 Nf6 4. e3 e6 5. Nf3 Be7 6. a3 O-O 7. b4 a5 8. b5 dxc4
9. Bxc4 cxb5 10. Bxb5 Nd5 11. Bd2 Nxc3 12. Bxc3 Qd5 13. Qd3 Bd7 14. a4 Rc8 15.
Ke2 Qb3 16. Rhc1 Nc6 17. Rcb1 Qd5 18. Bc4 Nxd4+ 19. Bxd4 Rxc4 20. Ne5 Rb4 21.
Nxd7 Qxd7 22. Bc3 Qxd3+ 23. Kxd3 Rd8+ 24. Ke2 Rxb1 25. Rxb1 Rd7 26. Bxa5 f6 27.
Rd1 Rxd1 28. Kxd1 Kf8 29. Kc2 Ke8 30. Kd3 Kd7 31. Kc4 Kc6 32. e4 Bd6 33. h3 Bc5
34. f3 Bf2 35. g4 Be3 36. h4 Bf2 37. h5 1/2-1/2

[Event "SR 2. liga A 2014/2015"]
[Site "?"]
[Date "2015.03.07"]
[Round "10.1"]
[White "Fekete, Robert"]
[Black "Mackovic, Miroslav"]
[Result "1/2-1/2"]
[WhiteElo "1908"]
[BlackElo "1846"]
[PlyCount "74"]
[EventDate "2014.??.??"]

1. e4 c5 2. Nf3 d6 3. Nc3 Nc6 4. d4 cxd4 5. Nxd4 Nf6 6. h3 a6 7. a3 e6 8. Bg5
Be7 9. Nf3 Qc7 10. Bd3 b5 11. Qe2 O-O 12. O-O Bb7 13. Rfe1 Rac8 14. Rad1 h6 15.
Bh4 Na5 16. Nd4 Qb6 17. e5 dxe5 18. Qxe5 Nd7 19. Qh5 Bxh4 20. Qxh4 Nc4 21. Bxc4
Rxc4 22. Qg3 Nf6 23. Nf3 Ne4 24. Nxe4 Rxe4 25. Rxe4 Bxe4 26. c3 Rd8 27. Rxd8+
Qxd8 28. Nd4 Bd5 29. Qe5 Qg5 30. Qxg5 hxg5 31. Kh2 Kh7 32. Kg3 Kg6 33. f3 f5
34. Nc2 e5 35. Nb4 Bb7 36. Nd3 Kf6 37. Kf2 Bc8 1/2-1/2

[Event "SR 2. liga A 2014/2015"]
[Site "?"]
[Date "2015.03.07"]
[Round "10.2"]
[White "Liptak, Tomas"]
[Black "Cech, Dominik"]
[Result "1/2-1/2"]
[WhiteElo "2168"]
[BlackElo "2119"]
[PlyCount "103"]
[EventDate "2014.??.??"]

1. e4 c5 2. Nf3 e6 3. g3 Nc6 4. Bg2 Nf6 5. d3 d6 6. O-O g6 7. Re1 e5 8. Nc3 Bg7
9. Nd2 O-O 10. Nc4 a6 11. a4 Be6 12. Bg5 h6 13. Bd2 Rb8 14. Ne3 b5 15. axb5
axb5 16. f4 Nd4 17. Ncd5 Bxd5 18. Nxd5 Kh7 19. c3 Nc6 20. f5 c4 21. Qe2 Na5 22.
Be3 cxd3 23. Qxd3 Ng4 24. Rf1 Nc4 25. Ba7 Rb7 26. h3 Nf6 27. b3 Nxd5 28. bxc4
Nf6 29. Be3 bxc4 30. Qxc4 Qc7 31. Qxc7 Rxc7 32. Ra3 Rc4 33. Re1 Nxe4 34. fxg6+
fxg6 35. Bxh6 Nxg3 36. Bxg7 Kxg7 37. Kh2 Nf5 38. Bd5 Rc7 39. Re2 Rfc8 40. c4
Rd8 41. Rg2 Rf8 42. Rg1 Ne7 43. Rd1 Nxd5 44. Rxd5 Rc6 45. Rad3 Rf6 46. c5 dxc5
47. Rxe5 c4 48. Rc3 Rf2+ 49. Kg3 Rb2 50. h4 Kf6 51. Ree3 Rb4 52. Kg4 1/2-1/2

[Event "SR 2. liga A 2014/2015"]
[Site "?"]
[Date "2015.03.07"]
[Round "10.2"]
[White "Karas, Marek"]
[Black "Kovacocy, Pavel"]
[Result "1/2-1/2"]
[WhiteElo "2170"]
[BlackElo "2192"]
[PlyCount "49"]
[EventDate "2014.??.??"]

1. Nf3 c5 2. c4 g6 3. Nc3 Bg7 4. e3 Nf6 5. d4 cxd4 6. exd4 O-O 7. Be2 d5 8. h3
Nc6 9. O-O Bf5 10. Be3 Nb4 11. Nh4 dxc4 12. Nxf5 gxf5 13. Bxc4 Nbd5 14. Qf3 e6
15. Rac1 Rc8 16. Bb3 Nxc3 17. Rxc3 Qd7 18. Rfc1 Rxc3 19. Rxc3 Ne4 20. Rc1 a6
21. g4 Nd6 22. Kh1 Kh8 23. Rg1 fxg4 24. hxg4 f5 25. Bc2 1/2-1/2

[Event "SR 2. liga A 2014/2015"]
[Site "?"]
[Date "2015.03.07"]
[Round "10.2"]
[White "Szitkey, Milan"]
[Black "Petrik, Stanislav"]
[Result "0-1"]
[WhiteElo "2151"]
[BlackElo "2147"]
[PlyCount "84"]
[EventDate "2014.??.??"]

1. e4 c5 2. c3 Qa5 3. Nf3 Nc6 4. Be2 Nf6 5. d3 g6 6. O-O Bg7 7. Nbd2 d6 8. Re1
O-O 9. h3 Bd7 10. Nc4 Qc7 11. Bg5 Rfe8 12. Qd2 Ne5 13. Nfxe5 dxe5 14. f4 h6 15.
fxe5 Nxe4 16. dxe4 hxg5 17. Qxg5 b5 18. e6 Bxe6 19. Ne3 b4 20. Rac1 bxc3 21.
bxc3 Bxa2 22. Bc4 Bxc4 23. Nxc4 Qc6 24. Ne3 Bf6 25. Qg4 a5 26. Nd5 a4 27. Rf1
a3 28. Qf3 Qd6 29. Ra1 Ra7 30. e5 Qxe5 31. Rae1 Qb8 32. Re2 a2 33. Ra1 Bg7 34.
Rf2 e5 35. Raxa2 Rxa2 36. Qxf7+ Kh8 37. Rxa2 Qb1+ 38. Kh2 Rf8 39. Qa7 e4 40.
Ne7 Be5+ 41. g3 e3 42. Nxg6+ Qxg6 0-1

[Event "SR 2. liga A 2014/2015"]
[Site "?"]
[Date "2015.03.07"]
[Round "10.2"]
[White "Petrik, Karol"]
[Black "Arendas, Marek"]
[Result "0-1"]
[WhiteElo "2072"]
[BlackElo "2104"]
[PlyCount "39"]
[EventDate "2014.??.??"]

1. e4 c5 2. Ne2 Nc6 3. g3 g6 4. Bg2 Bg7 5. O-O Nf6 6. c4 e5 7. Nbc3 O-O 8. d3
d6 9. Nd5 Nxd5 10. cxd5 Nd4 11. Be3 f5 12. f3 Bd7 13. Qd2 Nxe2+ 14. Qxe2 Qa5
15. a3 Bb5 16. Rfc1 Qa6 17. Rc3 fxe4 18. fxe4 Bd7 19. Rf1 b6 20. Bg5 {mobil}
0-1

[Event "SR 2. liga A 2014/2015"]
[Site "?"]
[Date "2015.03.07"]
[Round "10.2"]
[White "Puchart, Vladimir"]
[Black "Krajnak, Robert"]
[Result "1/2-1/2"]
[WhiteElo "2031"]
[BlackElo "2103"]
[PlyCount "37"]
[EventDate "2014.??.??"]

1. d4 Nf6 2. c4 e6 3. g3 c5 4. d5 exd5 5. cxd5 b5 6. Bg2 d6 7. e4 Na6 8. a4 Nc7
9. axb5 Nxb5 10. Ne2 Be7 11. O-O O-O 12. Nbc3 Qb6 13. Nxb5 Qxb5 14. Nc3 Qb6 15.
Re1 Nd7 16. Na4 Qc7 17. f4 Rb8 18. Bd2 Bf6 19. Qc2 1/2-1/2

[Event "SR 2. liga A 2014/2015"]
[Site "?"]
[Date "2015.03.07"]
[Round "10.2"]
[White "Magyar, Frantisek"]
[Black "Doucha, Ludvik"]
[Result "1/2-1/2"]
[WhiteElo "1993"]
[BlackElo "2006"]
[PlyCount "77"]
[EventDate "2014.??.??"]

1. d4 Nf6 2. c4 c5 3. d5 e5 4. Nc3 d6 5. e4 g6 6. Be2 Bg7 7. Be3 O-O 8. Qd2 a6
9. f3 Nh5 10. g4 Nf4 11. O-O-O f5 12. gxf5 gxf5 13. h4 Nxe2+ 14. Ngxe2 f4 15.
Bf2 b5 16. b3 bxc4 17. bxc4 Nd7 18. Na4 Rb8 19. Qc2 Nb6 20. Nxb6 Qxb6 21. Rd3
Bd7 22. Rb3 Qc7 23. Nc3 Rb4 24. Qd3 Bb5 25. Rxb4 cxb4 26. Nxb5 axb5 27. c5 dxc5
28. Qxb5 Qd6 29. Kb2 Rc8 30. Qc4 Kf7 31. Ka1 Bf8 32. Rg1 Ra8 33. Rg5 Be7 34.
Rf5+ Kg8 35. Be1 Kh8 36. h5 Rg8 37. Bf2 Rc8 38. Kb1 Ra8 39. Ka1 1/2-1/2

[Event "SR 2. liga A 2014/2015"]
[Site "?"]
[Date "2015.03.07"]
[Round "10.2"]
[White "Kolenak, Matus"]
[Black "Machalec, Vladimir"]
[Result "1/2-1/2"]
[WhiteElo "1977"]
[BlackElo "1918"]
[PlyCount "73"]
[EventDate "2014.??.??"]

1. e4 c5 2. Nf3 Nc6 3. c4 g6 4. d4 Bg7 5. Be3 cxd4 6. Nxd4 Nf6 7. Nc3 O-O 8.
Be2 Qa5 9. O-O a6 10. Rc1 d6 11. Qd2 Nxd4 12. Bxd4 Nxe4 13. Qe3 Bxd4 14. Qxd4
Nxc3 15. Rxc3 Qc5 16. Qh4 Qe5 17. Bd3 b5 18. f4 Qc5+ 19. Kh1 b4 20. Rcc1 Qd4
21. Bb1 Qxb2 22. Qxe7 Qd4 23. f5 Qe5 24. Qh4 Bxf5 25. Bxf5 gxf5 26. Qg5+ Kh8
27. Rxf5 Qb2 28. Qf4 Rae8 29. Rf1 Rg8 30. g3 Re2 31. Rh5 Qg7 32. Qxd6 Qg6 33.
Qd4+ Rg7 34. Qd8+ Rg8 35. Qd4+ Rg7 36. Qd8+ Rg8 37. Qd4+ 1/2-1/2

[Event "SR 2. liga A 2014/2015"]
[Site "?"]
[Date "2015.03.07"]
[Round "10.2"]
[White "Goga, Frantisek"]
[Black "Krist, Milan"]
[Result "1-0"]
[WhiteElo "1909"]
[BlackElo "1913"]
[PlyCount "73"]
[EventDate "2014.??.??"]

1. e4 c6 2. d4 d5 3. e5 Bf5 4. Nc3 e6 5. g4 Bg6 6. Nge2 h6 7. Bd2 Nd7 8. Nf4 c5
9. Nxg6 fxg6 10. Bd3 Ne7 11. Nb5 Qb6 12. Nd6+ Kd8 13. Nf7+ Kc7 14. Nxh8 cxd4
15. Nxg6 Nc5 16. Nxf8 Rxf8 17. O-O Nc6 18. Qe2 Kc8 19. Bb5 Ne4 20. Bxc6 bxc6
21. Qd3 c5 22. b3 Qc7 23. Qa6+ Kb8 24. Ba5 Qd7 25. f3 Ng5 26. Qd6+ Qxd6 27.
exd6 Kc8 28. Kg2 Kd7 29. Bc7 Nf7 30. Rae1 Nxd6 31. Bxd6 Kxd6 32. f4 Re8 33. Re2
a5 34. a4 Rg8 35. Rfe1 Re8 36. Re5 Kd7 37. f5 1-0

[Event "SR 2. liga A 2014/2015"]
[Site "?"]
[Date "2015.03.07"]
[Round "10.3"]
[White "Jozefek, Michal"]
[Black "Maslik, Miroslav"]
[Result "1/2-1/2"]
[WhiteElo "2064"]
[BlackElo "2365"]
[PlyCount "80"]
[EventDate "2014.??.??"]

1. d4 Nf6 2. c4 g6 3. Nc3 d5 4. cxd5 Nxd5 5. e4 Nxc3 6. bxc3 Bg7 7. Bc4 O-O 8.
Ne2 c5 9. Be3 Nc6 10. O-O Bg4 11. f3 Bd7 12. Rb1 Qc7 13. dxc5 Rfd8 14. Qc2 Na5
15. Bd5 e6 16. Bb3 Bf8 17. Kh1 Bxc5 18. Bg5 Rdc8 19. Rfd1 Bf8 20. Ba4 Bxa4 21.
Qxa4 Qc4 22. Qxa5 Rc5 23. Qb4 Qxe2 24. Bf6 b6 25. Qd4 Qc4 26. Qd7 Rc7 27. Qd2
Rac8 28. h4 Qc5 29. Rb3 Qh5 30. e5 Bh6 31. Qd8+ Rxd8 32. Rxd8+ Bf8 33. Bg5 f5
34. exf6 Rc4 35. Rd4 Rc5 36. g4 Rxg5 37. gxh5 Rxh5 38. Rd7 Rxh4+ 39. Kg2 Rf4
40. Rxa7 Bc5 1/2-1/2

[Event "SR 2. liga A 2014/2015"]
[Site "?"]
[Date "2015.03.07"]
[Round "10.3"]
[White "Klemanic, Emil"]
[Black "Spacek, Oliver"]
[Result "1/2-1/2"]
[WhiteElo "2160"]
[BlackElo "2011"]
[PlyCount "77"]
[EventDate "2014.??.??"]

1. e4 c5 2. Nc3 a6 3. g3 b5 4. Bg2 Bb7 5. Nh3 Nf6 6. O-O e6 7. e5 Bxg2 8. Kxg2
Ng8 9. d3 Nc6 10. Re1 d5 11. exd6 Bxd6 12. Ng5 Nf6 13. Nce4 Be7 14. Be3 h6 15.
Nxf6+ Bxf6 16. Ne4 Bxb2 17. Bxc5 Bxa1 18. Qxa1 Rg8 19. Nd6+ Kd7 20. Nxf7 Qf6
21. Ne5+ Nxe5 22. Qd4+ Ke8 23. Rxe5 Rd8 24. Qe4 Kf7 25. Qb7+ Kg6 26. Re3 Qf5
27. g4 Qd5+ 28. Qxd5 exd5 29. Re6+ Kf7 30. Rxa6 Ra8 31. Rd6 Rgd8 32. Rxd8 Rxd8
33. c3 Rc8 34. Bb4 Re8 35. a3 Re2 36. h4 Kf6 37. Kf3 Re6 38. Bc5 g5 39. Kg3
1/2-1/2

[Event "SR 2. liga A 2014/2015"]
[Site "?"]
[Date "2015.03.07"]
[Round "10.3"]
[White "Gasa, Patrik"]
[Black "Gabris, Ondrej"]
[Result "1-0"]
[WhiteElo "2074"]
[BlackElo "2251"]
[PlyCount "61"]
[EventDate "2014.??.??"]

1. d4 Nf6 2. c4 e5 3. e3 e4 4. Nc3 d5 5. cxd5 Bf5 6. Qb3 Nbd7 7. Nge2 Bd6 8.
Qxb7 O-O 9. Ng3 Bg6 10. Be2 h5 11. Qb3 Nb6 12. a3 h4 13. Nf1 Nbxd5 14. Nxd5
Nxd5 15. Nd2 Qg5 16. Kf1 Rab8 17. Qc2 Rfe8 18. Nc4 Qf5 19. Bd2 Re6 20. Nxd6
cxd6 21. g4 hxg3 22. hxg3 Rf6 23. Rh2 Bh7 24. b4 g5 25. Rc1 Kg7 26. Qd1 Qd7 27.
Qb3 Ne7 28. d5 Rh6 29. Qc3+ Rf6 30. Rxh7+ Kxh7 31. Qxf6 1-0

[Event "SR 2. liga A 2014/2015"]
[Site "?"]
[Date "2015.03.07"]
[Round "10.3"]
[White "Janos, Ivan"]
[Black "Jablonicky, Martin"]
[Result "0-1"]
[WhiteElo "2171"]
[BlackElo "1949"]
[PlyCount "62"]
[EventDate "2014.??.??"]

1. e4 c5 2. a3 d5 3. exd5 Qxd5 4. Nc3 Qd8 5. Nf3 Nf6 6. Bc4 a6 7. Ne5 e6 8. d3
Bd6 9. Qe2 b5 10. Bb3 O-O 11. Bg5 Bb7 12. O-O Nc6 13. Nxc6 Bxc6 14. Ne4 Be7 15.
Bxf6 Bxf6 16. c3 Be7 17. Rad1 Qc7 18. Qh5 Qf4 19. Bc2 f5 20. Qh3 g5 21. Nd2 Qd6
22. Bb3 Rf6 23. Rfe1 Kg7 24. Nf1 Re8 25. Ng3 g4 26. Qh5 Rh6 27. Qxh6+ Kxh6 28.
Rxe6+ Kg5 29. Rxd6 Bxd6 30. Kf1 h5 31. Re1 Bxg2+ 0-1

[Event "SR 2. liga A 2014/2015"]
[Site "?"]
[Date "2015.03.07"]
[Round "10.3"]
[White "Diviak, Rastislav"]
[Black "Gazi, Mikulas"]
[Result "1/2-1/2"]
[WhiteElo "2001"]
[BlackElo "2098"]
[PlyCount "106"]
[EventDate "2014.??.??"]

1. e4 c5 2. Nf3 d6 3. d4 cxd4 4. Nxd4 Nf6 5. Nc3 a6 6. Be2 g6 7. Be3 Bg7 8. Qd2
Ng4 9. Bxg4 Bxg4 10. f3 Bd7 11. Bh6 O-O 12. h4 Nc6 13. Bxg7 Kxg7 14. h5 Nxd4
15. Qxd4+ Kg8 16. Qd2 Qa5 17. O-O-O Qe5 18. Nd5 Bc6 19. Qh6 g5 20. f4 gxf4 21.
Rh4 f5 22. Qg5+ Qg7 23. Nxe7+ Kf7 24. Qxg7+ Kxg7 25. Nxf5+ Kf6 26. Rxf4 Ke5 27.
Rg4 Rad8 28. Nd4 Bxe4 29. Rxe4+ Kxe4 30. Ne6 Ke5 31. Re1+ Kd5 32. Nxd8 Rxd8 33.
g4 Rd7 34. g5 Rg7 35. Rg1 Ke5 36. g6 hxg6 37. hxg6 Kf6 38. Kd2 Rxg6 39. Rxg6+
Kxg6 40. Kd3 Kf6 41. Kd4 Ke6 42. c4 b6 43. b4 Kd7 44. Kd5 Kc7 45. a4 b5 46.
cxb5 axb5 47. a5 Kd7 48. a6 Kc7 49. a7 Kb7 50. Kxd6 Kxa7 51. Kc5 Ka6 52. Kc6
Ka7 53. Kxb5 Kb7 1/2-1/2

[Event "SR 2. liga A 2014/2015"]
[Site "?"]
[Date "2015.03.07"]
[Round "10.3"]
[White "Srna, Jan"]
[Black "Nemeckay, Rastislav"]
[Result "1/2-1/2"]
[WhiteElo "1957"]
[BlackElo "1985"]
[PlyCount "104"]
[EventDate "2014.??.??"]

1. d4 d5 2. Nf3 Nf6 3. b3 e6 4. a3 Bd6 5. Bb2 O-O 6. e3 Ne4 7. Bd3 f5 8. c4 c6
9. Nbd2 Nd7 10. Ne5 Bxe5 11. dxe5 Nxd2 12. Qxd2 Nc5 13. Qc2 b6 14. b4 Nxd3+ 15.
Qxd3 Qe7 16. O-O Ba6 17. Rfc1 Bxc4 18. Qc3 f4 19. exf4 Rxf4 20. Rc2 Raf8 21.
Bc1 R4f5 22. Be3 Qc7 23. f4 a6 24. Qd4 Rb8 25. Rf2 Rff8 26. Rc1 Rfc8 27. g4 c5
28. Qc3 a5 29. f5 axb4 30. axb4 cxb4 31. Qxb4 Qxe5 32. Bf4 Qe4 33. Re1 Qd4 34.
Be5 Qc5 35. Qxc5 bxc5 36. Bxb8 Rxb8 37. fxe6 Re8 38. e7 g6 39. h4 Bd3 40. Re5
Be4 41. Re2 Kf7 42. Rf2+ Kg7 43. g5 c4 44. Kf1 c3 45. Ke2 Bf5 46. Ke3 c2 47.
Kd2 d4 48. h5 Kf7 49. hxg6+ hxg6 50. Rexf5+ gxf5 51. Rxf5+ Kxe7 52. Kxc2 Rf8
1/2-1/2

[Event "SR 2. liga A 2014/2015"]
[Site "?"]
[Date "2015.03.07"]
[Round "10.3"]
[White "Ocko, Martin"]
[Black "Hajtmanek, Stanislav"]
[Result "1-0"]
[WhiteElo "1857"]
[BlackElo "1762"]
[PlyCount "67"]
[EventDate "2014.??.??"]

1. e4 c5 2. d4 cxd4 3. c3 dxc3 4. Nxc3 g6 5. Nf3 Bg7 6. Bc4 Nc6 7. O-O Nf6 8.
Qe2 O-O 9. Rd1 Qc7 10. e5 Ng4 11. Nd5 Qb8 12. Bf4 e6 13. Ne3 Ngxe5 14. Kh1 f6
15. Bb5 a6 16. Bxc6 bxc6 17. Ng4 d6 18. Bxe5 fxe5 19. Rac1 Bb7 20. Ng5 h5 21.
Ne3 Re8 22. Qd3 Re7 23. Qxg6 Qe8 24. Qxe8+ Raxe8 25. Rxd6 Bh6 26. Ne4 Rf7 27.
Kg1 Rf4 28. Nc5 Rd4 29. Nxb7 Rb8 30. Rxe6 Bxe3 31. fxe3 Rd5 32. Nc5 Rxb2 33.
Ne4 Rd3 34. Rxe5 1-0

[Event "SR 2. liga A 2014/2015"]
[Site "?"]
[Date "2015.03.07"]
[Round "10.3"]
[White "Kosnac, Patrik"]
[Black "Danada, Ondrej"]
[Result "0-1"]
[WhiteElo "1235"]
[BlackElo "1870"]
[PlyCount "116"]
[EventDate "2014.??.??"]

1. Nf3 Nf6 2. g3 c5 3. c4 Nc6 4. Bg2 d5 5. O-O g6 6. d4 dxc4 7. dxc5 Qa5 8. Nd4
Bd7 9. Nxc6 Bxc6 10. Bxc6+ bxc6 11. Qd4 Bg7 12. Na3 Rd8 13. Qxc4 Nd7 14. b4 Qa4
15. Rb1 O-O 16. Qc2 Qxc2 17. Nxc2 a5 18. a3 Rb8 19. Bb2 Bxb2 20. Rxb2 Nxc5 21.
Rfb1 axb4 22. Nxb4 Na4 23. Rb3 c5 24. Nd5 Rbd8 25. Nxe7+ Kg7 26. Nc6 Rd6 27.
Na5 Rd2 28. e3 Ra8 29. Nc4 Rc2 30. Nd6 Rd8 31. Ne4 Re8 32. Ng5 Re5 33. Nf3 Rf5
34. e4 Rf6 35. e5 Rf5 36. g4 Rf4 37. h3 Nc3 38. Ne1 Nxb1 39. Nxc2 Nd2 40. Re3
Rc4 41. Ne1 Rc1 42. Kg2 Nc4 43. Re2 Nxa3 44. Nd3 Rc3 45. Nb2 c4 46. Re3 Rxe3
47. fxe3 c3 48. Nd3 Nc4 49. Kf3 c2 50. Kf4 h6 51. Nc1 Nd2 52. h4 Kf8 53. e4 Nc4
54. h5 g5+ 55. Kf5 Ne3+ 56. Kf6 Nxg4+ 57. Kf5 Ne3+ 58. Kf6 g4 0-1

[Event "SR 2. liga A 2014/2015"]
[Site "?"]
[Date "2015.03.07"]
[Round "10.4"]
[White "Federic, Jozef"]
[Black "Dolnak, Michal"]
[Result "1/2-1/2"]
[WhiteElo "2305"]
[BlackElo "2187"]
[PlyCount "60"]
[EventDate "2014.??.??"]

1. Nf3 Nf6 2. d4 g6 3. g3 Bg7 4. Bg2 O-O 5. O-O c6 6. b3 d5 7. Bb2 Bf5 8. Nbd2
Ne4 9. Nh4 Nxd2 10. Qxd2 Be6 11. Rfe1 Re8 12. Rad1 Nd7 13. e4 dxe4 14. Bxe4 Bg4
15. f3 Bh3 16. c4 Qb6 17. Qf2 e5 18. d5 Nc5 19. dxc6 bxc6 20. Bb1 Rad8 21. Ng2
Bf5 22. Rxd8 Rxd8 23. Bxf5 gxf5 24. Bxe5 Qa5 25. Nf4 Ne4 26. fxe4 Bxe5 27. Kg2
Rd2 28. Re2 Rxe2 29. Qxe2 Bxf4 30. gxf4 fxe4 1/2-1/2

[Event "SR 2. liga A 2014/2015"]
[Site "?"]
[Date "2015.03.07"]
[Round "10.4"]
[White "Bronis, Marian"]
[Black "Kleman, Miroslav"]
[Result "1/2-1/2"]
[WhiteElo "2157"]
[BlackElo "2230"]
[PlyCount "40"]
[EventDate "2014.??.??"]

1. d4 d6 2. c4 e5 3. Nf3 Nd7 4. Nc3 Ngf6 5. g3 g6 6. Bg2 Bg7 7. O-O O-O 8. e4
exd4 9. Nxd4 Re8 10. Re1 Nc5 11. h3 Bd7 12. Rb1 Qc8 13. Kh2 Re5 14. h4 Ng4+ 15.
Kg1 Re8 16. b4 Ne6 17. Nce2 a5 18. b5 Qd8 19. Nxe6 Bxe6 20. Nf4 Bd7 1/2-1/2

[Event "SR 2. liga A 2014/2015"]
[Site "?"]
[Date "2015.03.07"]
[Round "10.4"]
[White "Mydlarik, Martin"]
[Black "Biro, Karol"]
[Result "0-1"]
[WhiteElo "2138"]
[BlackElo "2136"]
[PlyCount "94"]
[EventDate "2014.??.??"]

1. c4 e5 2. Nc3 Nc6 3. g3 Nf6 4. Bg2 Bc5 5. e3 O-O 6. Nge2 d5 7. d4 Bb4 8. dxe5
Nxe5 9. O-O dxc4 10. Qa4 Qe7 11. e4 c6 12. Bg5 Bc5 13. h3 h6 14. Bc1 b5 15. Qc2
Nd3 16. e5 Qxe5 17. Bf4 Nxf4 18. Nxf4 Bf5 19. Qe2 Qxe2 20. Nfxe2 Rac8 21. g4
Bd3 22. Rfe1 g5 23. Ng3 Rfd8 24. Rad1 Nd5 25. Nge4 Bd4 26. Nxd5 cxd5 27. Nc3
Bxc3 28. bxc3 d4 29. cxd4 Rxd4 30. Re7 c3 31. Bf3 c2 32. Rc1 Bg6 33. Kf1 Rb4
34. Bd5 a5 35. Ke1 Rd4 36. Re5 Rc3 37. Ke2 Rcd3 38. Bxf7+ Bxf7 39. Rxc2 Rxh3
40. Rc8+ Kg7 41. Rc7 Rf4 42. Rxb5 Ra3 43. Rb2 Rxg4 44. Kf1 Rga4 45. Rbb7 Rf4
46. Rb2 Kg6 47. Rb6+ Rf6 0-1